000 00568nam a22001937a 4500
999 _c64146
_d64146
005 20240530110717.0
008 180303s xxu||||| |||| 000 0 eng d
017 _bمصر. دار الكتب
020 _a9781259250989
040 _aEG-CaGPL
_cEG-CaGPL
082 0 4 _221
_a571.1\
_bM J
245 0 0 _aJunqueira's Basic Histology:
_bText and Atlas
250 _a 4th ed
260 _aNew York :
_bMcGraw-Hill Education k
_c2016 .
300 _a 560 p. ills. ;
_c26 cm.
650 0 7 _2qrmak
_ahistologia
_xpodręczniki akademickie.
651 _2qrmak
942 _2ddc
_cBK